000 00490nam a2200181Ia 4500
008 090123s9999 xx 000 0 und d
082 _b3736
100 _aगुंडन के.
245 _aमांगल्य भाग्य
250 _a3
260 _c1974
300 _a36
600 _aगुंडन के.
630 _aमांगल्य भाग्य
700 _aगुंडन के.
730 _aमांगल्य भाग्य
942 _cBOOK
999 _c41815
_d41815